| Tag |
First Indicator |
Second Indicator |
Subfields |
| LEADER |
00000cam a2200000 a 4500 |
| 001 |
in00000024802 |
| 005 |
20151007054415.0 |
| 008 |
870421s1987 enka b 00110 eng |
| 010 |
|
|
|a 87011388
|
| 020 |
|
|
|a 0080313329 :
|c $29.00 (U.S. : est.)
|
| 020 |
|
|
|a 0080339719 (pbk.) :
|c $14.50 (U.S. : est.)
|
| 035 |
|
|
|a (OCoLC)15658388
|
| 035 |
|
|
|9 AAB4960AM
|
| 040 |
|
|
|a DLC
|c DLC
|d TXA
|d UtOrBLW
|
| 049 |
|
|
|a TXAM
|c [A10909300]
|
| 050 |
0 |
0 |
|a BF637.N66
|b B85 1987
|
| 082 |
0 |
|
|a 153/.6
|2 19
|
| 100 |
1 |
|
|a Bull, Peter,
|d 1949-
|
| 245 |
1 |
0 |
|a Posture and gesture /
|c by P.E. Bull.
|
| 250 |
|
|
|a 1st ed.
|
| 264 |
|
1 |
|a Oxford [Oxfordshire] ;
|a New York :
|b Pergamon Press,
|c 1987.
|
| 300 |
|
|
|a viii, 194 pages :
|b illustrations ;
|c 24 cm.
|
| 336 |
|
|
|a text
|b txt
|2 rdacontent
|
| 337 |
|
|
|a unmediated
|b n
|2 rdamedia
|
| 338 |
|
|
|a volume
|b nc
|2 rdacarrier
|
| 490 |
1 |
|
|a International series in experimental social psychology ;
|v vol. 16
|
| 504 |
|
|
|a Bibliography: pages 158-162.
|
| 650 |
|
0 |
|a Body language.
|
| 650 |
|
0 |
|a Posture.
|
| 650 |
|
0 |
|a Gesture.
|
| 830 |
|
0 |
|a International series in experimental social psychology ;
|v v. 16.
|
| 999 |
|
|
|a MARS
|
| 999 |
f |
f |
|s 69bb9f56-8815-38dc-861e-fb1e8e2d24a1
|i c3b3377d-f84c-33f5-b75d-d26adc742367
|t 0
|
| 952 |
f |
f |
|p normal
|a Texas A&M University
|b College Station
|c Sterling C. Evans Library
|d Evans: Library Stacks
|t 0
|e BF637.N66 B85 1987
|h Library of Congress classification
|i unmediated -- volume
|m A14810909300
|
| 998 |
f |
f |
|a BF637.N66 B85 1987
|t 0
|l Evans: Library Stacks
|